Monasteries : (Record no. 12182)

000 -LEADER
fixed length control field 00386 a2200145 4500
003 - CONTROL NUMBER IDENTIFIER
control field OSt
005 - DATE AND TIME OF LATEST TRANSACTION
control field 20231223163952.0
008 - FIXED-LENGTH DATA ELEMENTS--GENERAL INFORMATION
fixed length control field 231223b ||||| |||| 00| 0 eng d
020 ## - INTERNATIONAL STANDARD BOOK NUMBER
International Standard Book Number 9781407564081
082 ## - DEWEY DECIMAL CLASSIFICATION NUMBER
Classification number 206.57
Item number HAT
100 ## - MAIN ENTRY--PERSONAL NAME
Personal name Hattstein, Markus
245 ## - TITLE STATEMENT
Title Monasteries :
Remainder of title places of spirituality and seclusion around the world
260 ## - PUBLICATION, DISTRIBUTION, ETC. (IMPRINT)
Name of publisher, distributor, etc Parragon Inc
Date of publication, distribution, etc 2010
942 ## - ADDED ENTRY ELEMENTS (KOHA)
Source of classification or shelving scheme
Holdings
Withdrawn status Lost status Source of classification or shelving scheme Damaged status Koha normalized classification for sorting Not for loan Permanent location Current location Date acquired Source of acquisition Cost, normal purchase price Full call number Barcode Date last seen Cost, replacement price Price effective from Koha item type Public note
        206_570000000000000_HAT   BMS College of Architecture, Design and Planning BMS College of Architecture, Design and Planning 2023-12-23 10 2992.50 206.57 HAT AR-UG3440 2023-12-23 4275.00 2023-12-23 UG Books S-07
Copyright © 2025, The Librarian, Library and Information Centre, BMSCA D&P, Bengaluru. All Rights Reserved
web counter

Powered by Koha